01269nam a22003134a 4500001001200000003000800012006001900020007001500039008004100054010001700095020001500112040002100127035002000148050002900168082001600197100001900213245011300232260006400345300002400409504006400433533015200497650003800649650002900687650005000716655002900766710001700795856012600812999001700938ebr10064622CaPaEBRm u cr cn|||||||||020318s2003 enka sb 001 0 eng  z 2002025622 z0521818028 aCaPaEBRcCaPaEBR a(OCoLC)5641611114aQA76.76.E95bB265 2003eb04a006.3/32211 aBaral, Chitta.10aKnowledge representation, reasoning, and declarative problem solvingh[electronic resource] /cChitta Baral. aCambridge ;aNew York :bCambridge University Press,c2003. axiv, 530 p. :bill. aIncludes bibliographical references (p. 498-518) and index. aElectronic reproduction.bPalo Alto, Calif. :cebrary,d2013.nAvailable via World Wide Web.nAccess may be limited to ebrary affiliated libraries. 0aExpert systems (Computer science) 0aArtificial intelligence. 0aKnowledge representation (Information theory) 7aElectronic books.2local2 aebrary, Inc.40uhttp://site.ebrary.com/lib/rucke/Doc?id=10064622zAn electronic book accessible through the World Wide Web; click to view c48190d48190